00563 2200217 4500001002100000005001700021008004100038035002400079040001500103082001100118090001800129100001700147245006300164250001100227260002200238300002500260650001700285850001200302990001500314990001600329YOGYA-0209000003362320090227024812.0 ind  0010-020900000033623 aYOPDYOG(B) a686.23 a686.23bIra P aIRAWAN, Agus aTeknik sablon modern untuk home industricoleh Agus Irawan aCet. 3 aSolobAnekac1996 a172 hlmbilusc21 cm aCetak sablon aYOPDYOG a96P0082555 a100669-P/97